Merentaskasih

Bibliographic Details
Main Author: Siti Rohayah Atan
Other Authors: Fazrul Arhan (Illustrator)
Format: Book
Published: Kuala Lumpur : Creative Enterprise , 1995, 1999
Series:Novel creative
Subjects:

MARC

LEADER 00000cam a2200000 7i4500
001 0000007446
002 000008005
005 20010320.0
020 |a 9838932566 
090 0 0 |a F   |b SIT 
100 0 |a Siti Rohayah Atan 
245 1 0 |a Merentaskasih   |c Siti Rohayah Atan 
260 |a Kuala Lumpur :   |b Creative Enterprise ,   |c 1995, 1999 
300 |a 321p. ;   |c 18cm. 
490 0 |a Novel creative 
650 0 0 |a Love stories 
700 0 |a Fazrul Arhan ,   |e ill 
999 |a 052075   |b BUKU   |c PINJAMAN   |e PERPUSTAKAAN KOMUNITI PETALING JAYA 
999 |a 052076   |b BUKU   |c PINJAMAN   |e PERPUSTAKAAN KOMUNITI PETALING JAYA 
999 |a 052077   |b BUKU   |c PINJAMAN   |e PERPUSTAKAAN KOMUNITI PETALING JAYA 
999 |a 055429   |b BUKU   |c FICTION   |e PERPUSTAKAAN KOMUNITI PETALING JAYA 
999 |a 055430   |b BUKU   |c PINJAMAN   |e PERPUSTAKAAN KOMUNITI CAW KOTA DAMANSARA 
999 |a 098918   |b BUKU   |c FICTION   |e PERPUSTAKAAN KOMUNITI PETALING JAYA